000 00748nam a2200241 i 4500
001 148230
003 ES-MaACL
005 20230906202515.0
007 t|
008 070214s1954 sp a |||| |dspa d
080 _a796.34
100 1 _aStanley, Louis T.
_9107906
245 1 4 _aLos campeones de tenis en acción /
_cLouis T. Stanley ; con un estudio sobre los campeones españoles por Jaime Bartroli ; traducción de J. M. Soler.
260 _aBarcelona :
_bHispano-Europea,
_c1954.
300 _a263 p. :
_bil ;
_c21 cm.
490 1 _aHerakles
650 4 _aTenis.
_9162440
700 1 _aBartroli, Jaime.
_926196
700 1 _aSoler, J. M.
_9107146
830 0 _aHerakles
_9180867
852 _aES-MaACL
_jC-9646
999 _c148230
_d148230